BIBLIOTHÈQUE DE LA MAISON DU MEXIQUE

Logo 1 Logo 2

Ocaso de sirenas (notice nᵒ 2807)

détails MARC
000 -Sello discográfico
campo de control de longitud fija 00874nam a2200301 4500
005 - Identificación de versión
campo de control 20251016083407.0
035 ## - Otros números de control del sistema
Número de control del sistema 23966
099 ## - fechas locales
Tipo de ítem Koha LIBRO
100 ## - Datos de procesamiento general
Datos de procesamiento general 19980217d1950 m y1spay5003 ba
105 ## - Campo de datos codificados: Material textual, monográfico
Datos codificados de monografía a 001zy
200 1# - Título y mención de responsabilidad
Título propio Ocaso de sirenas
Designación general del material texto impreso
Otra información del título manaties en el siglo XVI
Primer mención de responsabilidad José Durand
Declaración de responsabilidad subsiguiente dibujos Elvira Gascón
205 ## - Declaración de edición
Declaración de edición 1a ed
210 ## - Publicación, distribución, etc.
Lugar de publicación, distribución, etc. México
Nombre del editor, distribuidor, etc. Fondo de Cultura Económica
Fecha de publicación, distribución, etc. 1950
215 ## - Descripción física
Designación de material específico y extensión del ítem 129 p
Otras características físicas il.
Dimensiones 19 cm
345 ## - Nota de información de adquisición
Fuente de adquisición/dirección de la suscripción [OBSOLETO] Donación
410 #1 - Series
Título Colección Tezontle
606 ## - Término temático usado como materia
Elemento de entrada Manatíes
Número Koha 6143
660 ## - Código de área geográfica
Código MX
700 ## - Nombre personal - Responsabilidad primaria
Elemento de entrada Durand Flórez
Parte del nombre distinta del elemento de entrada José
Fechas 1925-1990
Número Koha 6144
702 ## - Nombre personal - Responsabilidad secundaria
Elemento de entrada Gascón Vera
Parte del nombre distinta del elemento de entrada Elvira
Fechas 1911-2000
Número Koha 5583
801 #0 - Fuente de origen
Agencia cm
900 ## -
-- 1/15935
900 ## -
-- 710987503\\170298
942 ## - ELEMENTOS DE ENTRADA SECUNDARIOS (KOHA)
Tipo de ítem Koha Livre
996 ## -
-- MEX
-- 751145101
-- MMAG
-- 011610
-- 599 D949O
-- 20241112LIV
Exemplaires
Estatus retirado Estado de daño Estado de pérdida Fecha de adquisición Biblioteca de origen Biblioteca actual Ubicación en estantería Código de barras Precio de reemplazo Signatura topográfica completa No para préstamo Tipo de ítem Koha Nota pública Nota no pública
      05/08/2025 Casa México Paris Casa México Paris   011610 05/08/2025 599 D949O   Livre 20241112LIV 751145101